Quy hoạch xây dựng phát triển đô thị
Cuốn sách là một tài liệu cơ bản có tính chất nguyên lí thiết kế quy hoạch xây dựng đô thị để các cán bộ chuyên môn tham khảo; đồng thời dùng làm tài liệu nghiên cứu giảng dạy trong các trường đại học - chuyên ngành kiến trúc đô thị....
Guardado en:
| Autor principal: | |
|---|---|
| Formato: | Libro |
| Lenguaje: | Undetermined |
| Publicado: |
Hà Nội
Xây dựng
2004
|
| Materias: | |
| Etiquetas: |
Agregar Etiqueta
Sin Etiquetas, Sea el primero en etiquetar este registro!
|
| Thư viện lưu trữ: | Trung tâm Học liệu Trường Đại học Cần Thơ |
|---|
| LEADER | 01013nam a2200229Ia 4500 | ||
|---|---|---|---|
| 001 | CTU_119012 | ||
| 008 | 210402s9999 xx 000 0 und d | ||
| 020 | |c 38000 | ||
| 082 | |a 711.55 | ||
| 082 | |b B100 | ||
| 100 | |a Nguyễn, Thế Bá | ||
| 245 | 0 | |a Quy hoạch xây dựng phát triển đô thị | |
| 245 | 0 | |c Chủ biên: Nguyễn Thế Bá | |
| 260 | |a Hà Nội | ||
| 260 | |b Xây dựng | ||
| 260 | |c 2004 | ||
| 520 | |a Cuốn sách là một tài liệu cơ bản có tính chất nguyên lí thiết kế quy hoạch xây dựng đô thị để các cán bộ chuyên môn tham khảo; đồng thời dùng làm tài liệu nghiên cứu giảng dạy trong các trường đại học - chuyên ngành kiến trúc đô thị. | ||
| 526 | |a Quản lý đô thị | ||
| 526 | |b MT158 | ||
| 650 | |a Cities and town,City planning | ||
| 904 | |i Nguyên | ||
| 980 | |a Trung tâm Học liệu Trường Đại học Cần Thơ | ||